[Event "ICS rated blitz match"]
[Site "204.178.125.65"]
[Date "1999.08.12"]
[Round "?"]
[White "Bura"]
[Black "Hossa"]
[Result "0-1"]
[WhiteElo "2368"]
[BlackElo "2421"]
[PlyCount "58"]
[EventDate "1999.??.??"]

1. e4 c5 2. Nf3 e6 3. c3 d5 4. exd5 exd5 5. d4 Nd7 6. Bb5 cxd4 7. Nxd4 a6 8.
Be2 Bc5 9. Be3 Ne7 10. O-O O-O 11. Nd2 Qc7 12. N2f3 Bd6 13. Re1 Nf6 14. h3 Re8
15. Bd3 Ne4 16. Bc2 Nc6 17. Qd3 Bf4 18. Rad1 Qd6 19. Bxf4 Qxf4 20. Ne2 Qc7 21.
Qxd5 Nb4 22. Qb3 Nxc2 23. Qxc2 Bf5 24. Qc1 Be6 25. b3 Qa5 26. Qb2 Rad8 27. c4
Rxd1 28. Rxd1 Qb4 29. Nc3 29... Qxc3 {Bura resigns} 0-1

[Event "ICS rated blitz match"]
[Site "204.178.125.65"]
[Date "1999.08.12"]
[Round "?"]
[White "Hossa"]
[Black "Kgambitman"]
[Result "1-0"]
[WhiteElo "2435"]
[BlackElo "2007"]
[PlyCount "49"]
[EventDate "1999.??.??"]

1. d4 Nf6 2. c4 d6 3. Nc3 e5 4. d5 Bf5 5. f3 e4 6. g4 Bg6 7. g5 Nh5 8. fxe4 Be7
9. Nf3 Nd7 10. Bh3 Nc5 11. Qc2 a5 12. O-O O-O 13. Be3 b6 14. Rae1 f6 15. Bxc5
bxc5 16. Be6+ Kh8 17. Nh4 fxg5 18. Nxg6+ hxg6 19. Rxf8+ Qxf8 20. Nb5 Qf4 21.
Rf1 Qe3+ 22. Kh1 Nf4 23. Rf3 Qxe2 24. Qxe2 Nxe2 25. Rh3# {Kgambitman checkmated
} 1-0

[Event "ICS rated blitz match"]
[Site "204.178.125.65"]
[Date "1999.08.12"]
[Round "?"]
[White "Hossa"]
[Black "bookbuilder"]
[Result "0-1"]
[WhiteElo "2441"]
[BlackElo "2704"]
[PlyCount "129"]
[EventDate "1999.??.??"]

1. d4 Nf6 2. c4 e6 3. Nc3 Bb4 4. Bg5 c5 5. dxc5 h6 6. Bh4 Nc6 7. Rc1 g5 8. Bg3
Ne4 9. Bd6 Qa5 10. Qc2 Nxc3 11. bxc3 Bxc5 12. Bxc5 Qxc5 13. e4 Ne5 14. Rd1 O-O
15. h4 g4 16. Qd2 Kh7 17. Qd4 Qc7 18. Be2 b6 19. Qd6 Qxd6 20. Rxd6 Bb7 21. Rd4
Rad8 22. f4 gxf3 23. Nxf3 d6 24. O-O Ng6 25. Rfd1 e5 26. Rxd6 Rxd6 27. Rxd6
Bxe4 28. Nd2 Bf5 29. g3 Kg7 30. Kf2 f6 31. Nb3 Kf7 32. c5 Ke7 33. Rc6 Rc8 34.
Rxc8 Bxc8 35. h5 Nf8 36. c6 Kd6 37. Bf3 Ne6 38. Bg2 f5 39. Nd2 Ba6 40. Nf3 Bc8
41. Nd2 e4 42. Nb3 Kxc6 43. Nd4+ Nxd4 44. cxd4 Kb5 45. g4 fxg4 46. Bxe4 Kc4 47.
d5 Kd4 48. Bc2 Kxd5 49. Kg3 Kc4 50. Bd1 b5 51. Bxg4 Bxg4 52. Kxg4 a5 53. Kf5 b4
54. Kg6 a4 55. Kxh6 a3 56. Kg7 b3 57. axb3+ Kd3 58. h6 a2 59. h7 a1=Q+ 60. Kg8
Qg1+ 61. Kf7 Qd4 62. Kg8 Qd8+ 63. Kf7 Qh8 64. Kg6 Ke4 65. Kf7 {Hossa resigns}
0-1

[Event "ICS rated blitz match"]
[Site "204.178.125.65"]
[Date "1999.08.12"]
[Round "?"]
[White "MiddleHead"]
[Black "Hossa"]
[Result "1/2-1/2"]
[WhiteElo "2245"]
[BlackElo "2435"]
[PlyCount "120"]
[EventDate "1999.??.??"]

1. e4 c5 2. Nf3 d6 3. d4 cxd4 4. Nxd4 Nf6 5. Nc3 a6 6. Be3 e5 7. Nb3 Be6 8. Qd2
d5 9. exd5 Nxd5 10. Rd1 Bb4 11. Bc4 Qc7 12. Bxd5 Bxd5 13. Qxd5 Bxc3+ 14. bxc3
O-O 15. O-O Nc6 16. Qd7 Qxd7 17. Rxd7 b5 18. h3 Rfd8 19. Rfd1 Rxd7 20. Rxd7 Rc8
21. Nc5 Nb8 22. Ra7 f5 23. Nxa6 Nxa6 24. Rxa6 Rxc3 25. Ra5 f4 26. Bb6 Rxc2 27.
Rxb5 Rxa2 28. Rxe5 h6 29. Rf5 g5 30. Rf6 Kg7 31. Bd4 Kh7 32. Rd6 Re2 33. Kh2 h5
34. h4 g4 35. Rf6 Re4 36. Bb6 Kg7 37. Rf5 Kg6 38. Rg5+ Kh6 39. g3 Re6 40. Bc5
Rf6 41. gxf4 Rxf4 42. Be3 Rf3 43. Rf5+ Kg6 44. Rxf3 gxf3 45. Kg3 Kf5 46. Kxf3
Kf6 47. Kf4 Kg6 48. Bd4 Kf7 49. Kf5 Ke8 50. Kg5 Kd8 51. Kxh5 Kd7 52. Kg6 Ke7
53. h5 Ke6 54. h6 Kd5 55. h7 Kd6 56. h8=Q Kd5 57. Qe5+ Kc6 58. Kf5 Kd7 59. Ke4
Kc6 60. Qg7 60... Kd6 {
MiddleHead ran out of time and Hossa has no material to mate} 1/2-1/2

[Event "ICS rated blitz match"]
[Site "204.178.125.65"]
[Date "1999.08.12"]
[Round "?"]
[White "Hossa"]
[Black "chessjaun"]
[Result "1-0"]
[WhiteElo "2427"]
[BlackElo "2001"]
[PlyCount "81"]
[EventDate "1999.??.??"]

1. d4 Nf6 2. c4 g6 3. Nc3 Bg7 4. e4 d6 5. f3 O-O 6. Be3 Nc6 7. Rb1 e5 8. d5 Nd4
9. Nge2 Nxe2 10. Bxe2 a5 11. O-O Nh5 12. Qd2 f5 13. Bg5 Bf6 14. Bh6 Ng7 15. Qe3
f4 16. Qd3 Bg5 17. Bxg5 Qxg5 18. Kh1 Qh4 19. Nb5 Rf7 20. a3 a4 21. Rbd1 Nh5 22.
Kg1 g5 23. Qd2 Ng3 24. Rfe1 Rf6 25. hxg3 fxg3 26. Qe3 Rh6 27. Kf1 Qh1+ 28. Qg1
Rh2 29. Rd2 Bh3 30. Bd1 g4 31. Re3 Rxg2 32. Qxh1 Rh2+ 33. Kg1 Rxd2 34. Be2 Rf8
35. Nc3 Rxe2 36. Nxe2 g2 37. Qh2 gxf3 38. Qg3+ Kh8 39. Rxf3 Rxf3 40. Qxf3 Bd7
41. Qf8# {chessjaun checkmated} 1-0

[Event "ICS rated blitz match"]
[Site "204.178.125.65"]
[Date "1999.08.12"]
[Round "?"]
[White "occam"]
[Black "Hossa"]
[Result "0-1"]
[WhiteElo "2510"]
[BlackElo "2404"]
[PlyCount "202"]
[EventDate "1999.??.??"]

1. e4 c5 2. Nf3 d6 3. d4 cxd4 4. Nxd4 Nf6 5. Nc3 a6 6. Be2 d5 7. exd5 Nxd5 8.
Nxd5 Qxd5 9. O-O e5 10. Nf3 Qxd1 11. Rxd1 Nc6 12. c4 Be7 13. Be3 O-O 14. h3 f6
15. Bb6 Be6 16. Nd2 Bd8 17. Bc5 Be7 18. Ne4 Rac8 19. Bb6 Nb4 20. b3 Rc6 21. Be3
Nc2 22. Rac1 Nxe3 23. fxe3 f5 24. Nf2 e4 25. g4 Bc5 26. Rc3 g6 27. gxf5 gxf5
28. Kh1 f4 29. Nxe4 Bxe3 30. Bg4 Bxg4 31. hxg4 Re6 32. Ng5 Rg6 33. Nf3 Rxg4 34.
Rcd3 Rg3 35. Nh2 Kg7 36. Nf1 Rg1+ 37. Kh2 Bb6 38. Rd7+ Rf7 39. Rxf7+ Kxf7 40.
Rd7+ Ke6 41. Rxh7 Bd4 42. Nd2 Rg7 43. Rxg7 Bxg7 44. Kg2 Ke5 45. Kf3 Bf8 46. a4
Bb4 47. Ne4 Kf5 48. Nf2 a5 49. Nd3 Bd6 50. Nc1 Bc5 51. Ne2 Be3 52. Nc3 Ke5 53.
Ne4 Ke6 54. Nf2 Kf5 55. Nd3 Kg5 56. Ne1 Bc5 57. Ng2 Bd6 58. Ne1 b6 59. Nd3 Kf5
60. Nf2 Bb8 61. Nh3 Be5 62. Ng1 Bc3 63. Ne2 Be5 64. Nc1 Kg5 65. Nd3 Bd6 66. Ne1
Bb4 67. Nc2 Bc3 68. Na3 Kf5 69. Nb5 Be5 70. Na7 Ke6 71. Nc6 Kd6 72. Nd8 Bf6 73.
Nf7+ Ke6 74. Nh6 Bg7 75. Ng4 Kf5 76. Nf2 Bc3 77. Nh3 Bd2 78. Ng1 Be3 79. Ne2
Bd2 80. Nd4+ Ke5 81. Nb5 Be3 82. Nc3 Kd4 83. Ne2+ Kd3 84. Nxf4+ Bxf4 85. Kxf4
Kc3 86. Ke4 Kxb3 87. Kd5 Kb4 88. Kd4 Kxa4 89. c5 bxc5+ 90. Kc4 Ka3 91. Kc3 a4
92. Kc2 Kb4 93. Kb2 c4 94. Kc2 a3 95. Kb1 c3 96. Kc2 a2 97. Kd3 a1=Q 98. Kc2
Qa6 99. Kd1 Qa2 100. Ke1 Qg2 101. Kd1 101... Qd2# {occam checkmated} 0-1

[Event "ICS rated blitz match"]
[Site "204.178.125.65"]
[Date "1999.08.12"]
[Round "?"]
[White "Hossa"]
[Black "Njall"]
[Result "1-0"]
[WhiteElo "2425"]
[BlackElo "2186"]
[PlyCount "165"]
[EventDate "1999.??.??"]

1. e4 c6 2. d4 d5 3. exd5 cxd5 4. c4 Nf6 5. Nc3 e6 6. Bd3 Be7 7. Nge2 O-O 8.
O-O Nc6 9. Be3 Nb4 10. cxd5 Nxd3 11. Qxd3 Nxd5 12. Rfe1 b6 13. Rac1 Bb7 14. Qd2
Rc8 15. Ne4 Qd7 16. Rxc8 Rxc8 17. N2c3 Bb4 18. Rc1 Nxc3 19. Nxc3 h6 20. Qe2
Bxc3 21. bxc3 b5 22. Qg4 Kh7 23. Bf4 Qd5 24. Qg3 a6 25. a3 Qf5 26. Re1 f6 27.
Bd6 Bd5 28. Bc5 Qg5 29. Qxg5 hxg5 30. h3 Kg6 31. Ra1 e5 32. Bb4 exd4 33. cxd4
Rc4 34. Rd1 Kf5 35. f3 Rc2 36. Rd2 Rc1+ 37. Kf2 Ra1 38. Rc2 Bc4 39. Bf8 g6 40.
Bd6 Ke6 41. Bc5 Kd5 42. Kg3 a5 43. Rd2 f5 44. f4 gxf4+ 45. Kxf4 Re1 46. Kg5 Re6
47. g4 fxg4 48. hxg4 Bb3 49. Rf2 Bc4 50. Rf4 Bd3 51. Rf3 Kc4 52. Rf7 Be2 53.
Rb7 Re4 54. Kxg6 Rxg4+ 55. Kf5 Rg3 56. Rc7 Kb3 57. Ra7 a4 58. Re7 Bc4 59. Kf4
Rd3 60. Re3 Kc2 61. Rxd3 Kxd3 62. Ke5 Bf7 63. d5 Be8 64. Ke6 Kc4 65. Bb4 Bf7+
66. Kxf7 Kxd5 67. Ke7 Kc6 68. Ke6 Kb7 69. Kd6 Ka8 70. Kc6 Ka7 71. Bd6 Ka8 72.
Kb6 b4 73. axb4 a3 74. b5 a2 75. Be5 a1=Q 76. Bxa1 Kb8 77. Bf6 Ka8 78. Kc6 Kb8
79. b6 Ka8 80. b7+ Ka7 81. Be5 Ka6 82. b8=Q Ka5 83. Qb5# {Njall checkmated} 1-0

[Event "ICS rated blitz match"]
[Site "204.178.125.65"]
[Date "1999.08.12"]
[Round "?"]
[White "Hossa"]
[Black "THEDEVIL"]
[Result "1-0"]
[WhiteElo "2437"]
[BlackElo "2265"]
[PlyCount "35"]
[EventDate "1999.??.??"]

1. d4 c5 2. d5 e5 3. e4 Nf6 4. Nc3 a6 5. f4 exf4 6. e5 Qe7 7. Qe2 Ng8 8. Bxf4
d6 9. exd6 Qxe2+ 10. Bxe2 Bf5 11. O-O-O b5 12. Nf3 h6 13. Rhe1 Kd8 14. Ne5 Bg6
15. Ne4 Nf6 16. Nxc5 Nbd7 17. Nc6+ Kc8 18. Bg4 {THEDEVIL resigns} 1-0

[Event "ICS rated blitz match"]
[Site "204.178.125.65"]
[Date "1999.08.12"]
[Round "?"]
[White "THEDEVIL"]
[Black "Hossa"]
[Result "1-0"]
[WhiteElo "2256"]
[BlackElo "2446"]
[PlyCount "167"]
[EventDate "1999.??.??"]

1. d4 d5 2. e3 Bf5 3. c4 Nf6 4. Nc3 Nc6 5. Nf3 e6 6. a3 Bd6 7. c5 Be7 8. b4 Ne4
9. Bb2 O-O 10. Bd3 a5 11. b5 Na7 12. a4 Nxc3 13. Bxc3 Bxd3 14. Qxd3 b6 15. cxb6
cxb6 16. O-O Nc8 17. Rac1 Nd6 18. Nd2 Rc8 19. Bb2 Qd7 20. Ba3 Rfd8 21. Bxd6
Qxd6 22. Qb3 e5 23. dxe5 Qxe5 24. Nf3 Qe4 25. Nd4 Bc5 26. Rcd1 Bxd4 27. Rxd4
Qf5 28. Rfd1 Rc2 29. f3 Qg6 30. R1d2 Rxd2 31. Rxd2 Qg5 32. Rd4 Qe7 33. Kf2 Qe5
34. h3 Qg5 35. Qd3 Rd7 36. Qd2 f6 37. e4 Qxd2+ 38. Rxd2 d4 39. Ke2 Kf7 40. Kd3
Ke6 41. Rc2 Rd6 42. f4 g5 43. g3 h5 44. h4 gxf4 45. gxf4 Kd7 46. Rc4 Ke7 47.
Rxd4 Ke6 48. Rxd6+ Kxd6 49. Kd4 Ke6 50. f5+ Kd6 51. e5+ fxe5+ 52. Ke4 Kd7 53.
Kxe5 Ke7 54. f6+ Kf7 55. Kf5 Kf8 56. Kg6 Kg8 57. Kxh5 Kf7 58. Kg5 Ke6 59. h5
Kf7 60. h6 Kg8 61. Kg6 Kh8 62. Kf7 Kh7 63. Ke7 Kxh6 64. f7 Kg7 65. f8=Q+ Kg6
66. Qd8 Kh5 67. Qxb6 Kh4 68. Qxa5 Kg4 69. Qc7 Kf3 70. b6 Ke4 71. b7 Kd4 72.
b8=Q Ke3 73. a5 Kd3 74. a6 Ke2 75. a7 Kf3 76. a8=Q+ Ke2 77. Qa2+ Kd3 78. Qbb3+
Ke4 79. Qcc4+ Ke5 80. Qd5+ Kf4 81. Qbc4+ Ke3 82. Qab3+ Kf2 83. Qd2+ Kg1 84.
Qcc1# {Hossa checkmated} 1-0

[Event "ICS rated blitz match"]
[Site "204.178.125.65"]
[Date "1999.08.12"]
[Round "?"]
[White "Hossa"]
[Black "THEDEVIL"]
[Result "0-1"]
[WhiteElo "2422"]
[BlackElo "2280"]
[PlyCount "138"]
[EventDate "1999.??.??"]

1. d4 c5 2. d5 e5 3. e4 Nf6 4. Nc3 d6 5. f4 exf4 6. Bxf4 a6 7. Bc4 Qe7 8. Bg5
b5 9. Bd3 Nbd7 10. Qf3 h6 11. Be3 Ne5 12. Qf1 g6 13. Bf4 Nfd7 14. Bxe5 Nxe5 15.
O-O-O Bg7 16. Nf3 O-O 17. Re1 Bd7 18. Nxe5 Qxe5 19. Qf3 c4 20. Be2 b4 21. Nd1
c3 22. bxc3 bxc3 23. Ne3 Qd4 24. Bd3 Bb5 25. Nd1 Rab8 26. Qe3 Qb4 27. Nxc3 Qxc3
28. Bxb5 Qb2+ 29. Kd2 Rxb5 30. Rb1 Qxa2 31. Rxb5 axb5 32. Rf1 Rc8 33. Qb3 Qxb3
34. cxb3 b4 35. Rg1 Rc3 36. Rb1 Bd4 37. Ke2 Kg7 38. Kd2 Kf6 39. Ke2 Ke5 40. Rf1
f6 41. h4 Kxe4 42. Rf3 Rxf3 43. gxf3+ Kxd5 44. Kf1 h5 45. Ke1 g5 46. hxg5 fxg5
47. Kf1 Ke5 48. Kg2 Kf4 49. Kh3 Kxf3 50. Kh2 Bc3 51. Kg1 d5 52. Kh1 d4 53. Kg1
d3 54. Kh2 d2 55. Kg1 Ke3 56. Kh1 Kd3 57. Kg2 Kc2 58. Kf2 Kxb3 59. Kg3 Kc4 60.
Kh3 b3 61. Kh2 b2 62. Kh3 b1=Q 63. Kg2 d1=Q 64. Kf2 h4 65. Kg2 g4 66. Kh2 Be5+
67. Kg2 h3+ 68. Kf2 g3+ 69. Ke3 69... Qbd3# {Hossa checkmated} 0-1

[Event "ICS rated blitz match"]
[Site "204.178.125.65"]
[Date "1999.08.12"]
[Round "?"]
[White "THEDEVIL"]
[Black "Hossa"]
[Result "0-1"]
[WhiteElo "2302"]
[BlackElo "2400"]
[PlyCount "44"]
[EventDate "1999.??.??"]

1. d4 d5 2. e3 Bf5 3. c4 Nf6 4. Nc3 Nc6 5. a3 Qd7 6. Nf3 O-O-O 7. c5 Ne4 8. Bd3
e5 9. dxe5 Nxc3 10. bxc3 Bxd3 11. Qxd3 Re8 12. O-O Nxe5 13. Nxe5 Rxe5 14. Bb2
Rg5 15. Rad1 Qg4 16. g3 Qh3 17. f4 Rh5 18. Rf2 Bxc5 19. c4 dxc4 20. Qe2 Re8 21.
Bd4 c3 22. Qc4 22... Rxe3 {THEDEVIL resigns} 0-1

[Event "ICS rated blitz match"]
[Site "204.178.125.65"]
[Date "1999.08.12"]
[Round "?"]
[White "THEDEVIL"]
[Black "Hossa"]
[Result "1/2-1/2"]
[WhiteElo "2272"]
[BlackElo "2412"]
[PlyCount "96"]
[EventDate "1999.??.??"]

1. d4 d5 2. e3 Bf5 3. c4 Nf6 4. Nc3 Nc6 5. Nf3 e6 6. a3 Be7 7. Bd3 Bxd3 8. Qxd3
dxc4 9. Qxc4 O-O 10. b4 Bd6 11. Bb2 e5 12. dxe5 Nxe5 13. Nxe5 Bxe5 14. Rd1 Qe7
15. Na4 Bxb2 16. Nxb2 Rfd8 17. O-O a5 18. Rxd8+ Rxd8 19. Rd1 Rxd1+ 20. Nxd1 Qd6
21. Nc3 Qd2 22. g3 Qc1+ 23. Kg2 Qxa3 24. Qxc7 Qxb4 25. Qc8+ Qf8 26. Qxb7 h6 27.
Qb5 Qb4 28. Qxb4 axb4 29. Nb1 b3 30. Kf3 Kf8 31. Ke2 Ne4 32. f3 Ng5 33. h4 Ne6
34. Kd3 g5 35. hxg5 hxg5 36. Kc3 Nc7 37. Kxb3 g4 38. fxg4 Nd5 39. e4 Nf6 40.
Nd2 Nxg4 41. Kc4 Ke7 42. Kd4 Ke6 43. Nf3 f6 44. Kd3 Kd6 45. Kd4 Ke6 46. Kd3 Kd6
47. Kd4 Ke6 48. Kd3 48... Kd6 {Game drawn by repetition} 1/2-1/2

[Event "ICS rated blitz match"]
[Site "204.178.125.65"]
[Date "1999.08.12"]
[Round "?"]
[White "Hossa"]
[Black "bookbuilder"]
[Result "0-1"]
[WhiteElo "2406"]
[BlackElo "2727"]
[PlyCount "101"]
[EventDate "1999.??.??"]

1. d4 Nf6 2. c4 e6 3. Nc3 Bb4 4. Bg5 c5 5. d5 O-O 6. Nf3 exd5 7. cxd5 d6 8. a3
Ba5 9. e3 Qb6 10. Bxf6 Qxb2 11. Qc1 Qxc1+ 12. Rxc1 gxf6 13. Nd2 Rd8 14. Bd3 Nd7
15. O-O Ne5 16. Be2 Bg4 17. f3 Bf5 18. e4 Bc8 19. g4 a6 20. Nb3 Bc7 21. Rb1 b5
22. Rbd1 Bd7 23. Rd2 Bb6 24. Kh1 b4 25. axb4 cxb4 26. Na2 a5 27. Nd4 Bxd4 28.
Rxd4 b3 29. Nc3 a4 30. f4 Ng6 31. Rb4 Rdb8 32. Rxb8+ Rxb8 33. Nb1 Rc8 34. h3
Rc2 35. Bd3 Rb2 36. Kg1 Kg7 37. Na3 Ra2 38. Nb1 a3 39. Bc4 Nxf4 40. Rxf4 Ra1
41. Rf1 a2 42. Bd3 Bb5 43. Bxb5 Rxb1 44. Kg2 a1=Q 45. Rxb1 Qxb1 46. Kf2 Qc2+
47. Kf3 b2 48. Be2 b1=Q 49. Kf2 Qc5+ 50. Kg3 Qe3+ 51. Kh4 {Hossa resigns} 0-1

[Event "ICS Rated blitz match"]
[Site "204.178.125.65"]
[Date "1999.08.12"]
[Round "?"]
[White "Hossa"]
[Black "sivacash"]
[Result "1-0"]
[WhiteElo "2405"]
[BlackElo "2057"]
[PlyCount "37"]
[EventDate "1999.??.??"]

1. d4 d5 2. c4 c6 3. Nc3 Nf6 4. cxd5 cxd5 5. f3 Nc6 6. e4 dxe4 7. d5 Nb8 8.
fxe4 e6 9. Bg5 exd5 10. exd5 Be7 11. Bb5+ Bd7 12. Bxd7+ Nfxd7 13. Qe2 f6 14.
Bf4 Kf7 15. d6 Re8 16. Qc4+ Kf8 17. O-O-O Nb6 18. Qb3 Nc6 19. dxe7+ {
sivacash resigns} 1-0

[Event "ICS Rated blitz match"]
[Site "204.178.125.65"]
[Date "1999.08.12"]
[Round "?"]
[White "Villena"]
[Black "Hossa"]
[Result "0-1"]
[WhiteElo "2261"]
[BlackElo "2409"]
[PlyCount "92"]
[EventDate "1999.??.??"]

1. d4 d5 2. Nf3 Nf6 3. g3 Bf5 4. Bg2 e6 5. O-O Be7 6. c4 O-O 7. b3 c6 8. Bb2
Ne4 9. Ne1 Ng5 10. h4 Ne4 11. Nd2 Ba3 12. Qc1 Nxd2 13. Qxd2 Bxb2 14. Qxb2 Qd6
15. c5 Qc7 16. b4 Nd7 17. a4 b6 18. cxb6 axb6 19. Nc2 Nf6 20. b5 cxb5 21. Ne3
bxa4 22. Nxf5 exf5 23. Rfc1 Qd6 24. Qb5 Ra5 25. Qd3 f4 26. gxf4 Qxf4 27. Rc6
Qxh4 28. Rxb6 Ng4 29. Qf3 Qh2+ 30. Kf1 Qc7 31. Qxg4 Qxb6 32. Bf3 Qb2 33. Rd1 a3
34. e4 dxe4 35. Bxe4 a2 36. Qh4 h6 37. Qe7 a1=Q 38. Rxa1 Qxa1+ 39. Kg2 Rg5+ 40.
Kf3 Qc3+ 41. Ke2 Rg1 42. f3 Re1+ 43. Kf2 Qd2+ 44. Kg3 Rg1+ 45. Kh3 Qg2+ 46. Kh4
46... Qh1# {Villena checkmated} 0-1

[Event "ICS rated blitz match"]
[Site "204.178.125.65"]
[Date "1999.08.12"]
[Round "?"]
[White "Nothing"]
[Black "Hossa"]
[Result "0-1"]
[WhiteElo "2019"]
[BlackElo "2419"]
[PlyCount "90"]
[EventDate "1999.??.??"]

1. e4 c6 2. Nf3 d5 3. d4 dxe4 4. Ng5 Bf5 5. g4 Bg6 6. Nc3 Nf6 7. Bg2 e5 8. dxe5
Qxd1+ 9. Nxd1 Nxg4 10. e6 Bb4+ 11. c3 Bd6 12. exf7+ Bxf7 13. Nxe4 Bc7 14. h3
Ne5 15. O-O O-O 16. Be3 Bc4 17. Re1 Nd3 18. Bf1 Nxe1 19. Bxc4+ Kh8 20. Ng5 Nf3+
21. Nxf3 Rxf3 22. Kg2 Rf8 23. Bc5 Rf5 24. Bd4 Be5 25. Be3 Rf8 26. a4 Nd7 27. a5
a6 28. f3 Rae8 29. Bf2 Bf4 30. Bf1 Rf6 31. Ra4 Ne5 32. Rb4 Rf7 33. Re4 Re6 34.
Ne3 Rg6+ 35. Kh1 Rd6 36. Ng4 Ng6 37. Re8+ Rf8 38. Rxf8+ Nxf8 39. Bd4 Ne6 40.
Bb6 Rd1 41. Kg2 Rd2+ 42. Nf2 Rxb2 43. Bc4 Nf8 44. Bd3 Nd7 45. Bd4 45... c5 {
Nothing resigns} 0-1

[Event "ICS rated blitz match"]
[Site "204.178.125.65"]
[Date "1999.08.12"]
[Round "?"]
[White "Hossa"]
[Black "Nothing"]
[Result "1-0"]
[WhiteElo "2422"]
[BlackElo "2016"]
[PlyCount "101"]
[EventDate "1999.??.??"]

1. d4 Nf6 2. c4 g6 3. Nc3 Bg7 4. e4 d6 5. f3 O-O 6. Be3 Nc6 7. Rb1 a6 8. d5 Ne5
9. Qc1 b5 10. cxb5 axb5 11. Bxb5 Ba6 12. Bxa6 Rxa6 13. Qd2 Nc4 14. Qd3 Nxe3 15.
Qxa6 Nxg2+ 16. Kf2 Nf4 17. Nge2 N6h5 18. Nxf4 Nxf4 19. Ne2 Nd3+ 20. Qxd3 e5 21.
Rhf1 Qh4+ 22. Kg1 f5 23. Ng3 Bh6 24. exf5 Bf4 25. fxg6 Bxg3 26. gxh7+ Kh8 27.
Qe2 Bf4 28. Kh1 Rf6 29. Rg1 Rh6 30. Rg2 Rxh7 31. Qc2 Qh5 32. Qb3 Rg7 33. Qb8+
Kh7 34. Rxg7+ Kxg7 35. Rg1+ Bg5 36. Qxc7+ Kf6 37. Qxd6+ Kf5 38. Qd7+ Kf4 39.
Qg4+ Qxg4 40. Rxg4+ Kf5 41. Rxg5+ Kxg5 42. a4 Kf4 43. d6 Kxf3 44. d7 e4 45.
d8=Q e3 46. Qf6+ Ke2 47. Kg2 Kd2 48. Qc3+ Ke2 49. Qc2+ Ke1 50. b4 e2 51. Qc1# {
Nothing checkmated} 1-0

[Event "ICS Rated blitz match"]
[Site "204.178.125.65"]
[Date "1999.08.12"]
[Round "?"]
[White "sivacash"]
[Black "Hossa"]
[Result "1-0"]
[WhiteElo "2053"]
[BlackElo "2425"]
[PlyCount "64"]
[EventDate "1999.??.??"]

1. e4 c6 2. d4 d5 3. e5 Bf5 4. Nf3 e6 5. Be2 Qa5+ 6. c3 Bxb1 7. Rxb1 Qxa2 8.
Be3 Nd7 9. b4 f6 10. O-O fxe5 11. dxe5 Be7 12. Ra1 Qb2 13. Qd3 Bxb4 14. cxb4
Nxe5 15. Nxe5 Qxe5 16. Bd4 Qg5 17. f4 Qe7 18. Bh5+ Kd7 19. Rae1 Kd8 20. f5 Nf6
21. Rxe6 Qxb4 22. Bxf6+ gxf6 23. Rfe1 Rc8 24. Qg3 Qc5+ 25. Kh1 Rg8 26. Qxg8+
Kc7 27. Re7+ Qxe7 28. Rxe7+ Kd6 29. Qe6+ Kc5 30. Qxc8 b5 31. Rc7 Kd4 32. Rxc6
32... b4 {Hossa resigns} 1-0

[Event "ICS rated blitz match"]
[Site "204.178.125.65"]
[Date "1999.08.13"]
[Round "?"]
[White "Hossa"]
[Black "j724"]
[Result "1/2-1/2"]
[WhiteElo "2401"]
[BlackElo "2142"]
[PlyCount "71"]
[EventDate "1999.??.??"]

1. d4 Nf6 2. c4 c5 3. d5 d6 4. Nc3 g6 5. e4 Bg7 6. Bd3 O-O 7. Nge2 e6 8. Bg5 h6
9. Bh4 exd5 10. cxd5 a6 11. O-O Nbd7 12. b3 b5 13. a3 Re8 14. f3 Ne5 15. Bf2 g5
16. Bc2 Ng6 17. Be3 Nd7 18. b4 c4 19. Bd4 Nde5 20. Rc1 Bd7 21. a4 Qf6 22. f4
gxf4 23. axb5 axb5 24. Ra1 Qg5 25. Rxa8 Rxa8 26. Kh1 Kh7 27. Ng1 Nh4 28. Qd2
Ra3 29. Nb1 Ra2 30. Bxe5 Bxe5 31. Rf2 f5 32. Nc3 Rb2 33. Nd1 Ra2 34. Nc3 Rb2
35. Nd1 Ra2 36. Nc3 {Game drawn by repetition} 1/2-1/2

[Event "ICS rated blitz match"]
[Site "204.178.125.65"]
[Date "1999.08.13"]
[Round "?"]
[White "Kob"]
[Black "Hossa"]
[Result "1-0"]
[WhiteElo "2263"]
[BlackElo "2391"]
[PlyCount "95"]
[EventDate "1999.??.??"]

1. e4 c5 2. Nf3 d6 3. d4 cxd4 4. Nxd4 Nf6 5. Nc3 a6 6. Bc4 Nxe4 7. Bxf7+ Kxf7
8. Nxe4 Kg8 9. Ng5 Qa5+ 10. c3 h6 11. Qb3+ d5 12. Nge6 Nd7 13. O-O Nb6 14. Qc2
Bxe6 15. Nxe6 Rc8 16. Qf5 Re8 17. Be3 Nc4 18. Bd4 Rb8 19. b4 Qb5 20. Rad1 Qd7
21. Rd3 a5 22. Rg3 Rh7 23. Qxh7+ Kxh7 24. Nxf8+ Rxf8 25. Rxg7+ Kh8 26. Rxe7+
Kg8 27. Rxd7 Rf7 28. Rxf7 Kxf7 29. bxa5 Nd2 30. Rd1 Nc4 31. Rb1 Nxa5 32. Rb5
Nc4 33. Rxb7+ Kg6 34. a4 Na5 35. Rc7 h5 36. Rc5 Nb3 37. Rxd5 Na1 38. a5 Nb3 39.
a6 h4 40. a7 Nc1 41. a8=Q Ne2+ 42. Kf1 Nxd4 43. cxd4 Kg7 44. Qe8 Kf6 45. Re5
Kg7 46. Qe7+ Kh6 47. Rg5 h3 48. Qg7# {Hossa checkmated} 1-0

[Event "ICS rated blitz match"]
[Site "204.178.125.65"]
[Date "1999.08.13"]
[Round "?"]
[White "Hossa"]
[Black "wimpy"]
[Result "1-0"]
[WhiteElo "2399"]
[BlackElo "2037"]
[PlyCount "49"]
[EventDate "1999.??.??"]

1. d4 f5 2. c4 Nf6 3. Nc3 e6 4. e3 Be7 5. Bd3 O-O 6. Nge2 c6 7. O-O d5 8. b3
Bd7 9. Bb2 Be8 10. Rc1 Nbd7 11. cxd5 cxd5 12. Nf4 Bf7 13. Nb5 g5 14. Nxe6 Bxe6
15. Nc7 Bf7 16. Nxa8 Qxa8 17. h4 Ne4 18. hxg5 Bxg5 19. Qf3 Bg6 20. Rc7 Nd2 21.
Qxd5+ Bf7 22. Qxf5 Bg6 23. Qxd7 Bf6 24. Bxg6 Nf3+ 25. gxf3 {wimpy resigns} 1-0

[Event "ICS rated blitz match"]
[Site "204.178.125.65"]
[Date "1999.08.13"]
[Round "?"]
[White "wimpy"]
[Black "Hossa"]
[Result "1-0"]
[WhiteElo "2033"]
[BlackElo "2403"]
[PlyCount "123"]
[EventDate "1999.??.??"]

1. e4 c5 2. Nf3 d6 3. d4 cxd4 4. Nxd4 Nf6 5. Nc3 a6 6. Bg5 e5 7. Nf3 Be7 8.
Bxf6 Bxf6 9. Bc4 O-O 10. Qd2 Bg4 11. Rg1 Qa5 12. h3 Bxf3 13. gxf3 Qb4 14. Bb3
Nc6 15. O-O-O Nd4 16. Qe3 Nxb3+ 17. axb3 Qa5 18. Kb1 Qd8 19. Nd5 Rb8 20. Rg4 g6
21. Rdg1 Bg7 22. h4 f5 23. exf5 Rxf5 24. f4 Rf7 25. h5 gxh5 26. Rg5 h6 27. Rg6
Kh8 28. f5 Qf8 29. f6 Bxf6 30. Rxh6+ Rh7 31. Rxf6 Qd8 32. Rfg6 Ra8 33. Nf6 Qxf6
34. Rxf6 Rg8 35. Rxg8+ Kxg8 36. Rg6+ Rg7 37. Qg5 Rxg6 38. Qxg6+ Kh8 39. Qf6+
Kh7 40. Qxd6 a5 41. Qxe5 Kg6 42. Qe6+ Kg5 43. Qe5+ Kg6 44. Qxa5 b5 45. Qxb5 h4
46. Qe5 Kh6 47. Qf5 Kg7 48. Qg5+ Kf8 49. Qxh4 Kf7 50. f4 Ke6 51. Qg5 Kd7 52. f5
Kd6 53. f6 Ke6 54. Qc5 Kxf6 55. b4 Ke6 56. b5 Kf7 57. b6 Kf6 58. b7 Ke6 59.
b8=Q Kf6 60. Qbb6+ Kf7 61. Qcc7+ Kf8 62. Qbb8# {Hossa checkmated} 1-0

[Event "ICS rated blitz match"]
[Site "204.178.125.65"]
[Date "1999.08.13"]
[Round "?"]
[White "Hossa"]
[Black "wimpy"]
[Result "1-0"]
[WhiteElo "2374"]
[BlackElo "2062"]
[PlyCount "149"]
[EventDate "1999.??.??"]

1. d4 Nf6 2. c4 e5 3. dxe5 Ng4 4. e4 Nxe5 5. f4 Nec6 6. Be3 Na6 7. Kf2 Bc5 8.
Bxc5 Nxc5 9. Nc3 O-O 10. Nf3 d6 11. a3 a5 12. a4 Bg4 13. Be2 f5 14. e5 Bxf3 15.
Bxf3 dxe5 16. Qd5+ Qxd5 17. Bxd5+ Kh8 18. Bxc6 bxc6 19. fxe5 Nd3+ 20. Ke3 Nxe5
21. Kd4 Rfe8 22. Nd1 Rad8+ 23. Kc3 Rd3+ 24. Kc2 Red8 25. g3 Rd2+ 26. Kb3 Nd3
27. Ka3 Rb8 28. Rb1 Nb4 29. Nc3 Kg8 30. Rbd1 Nc2+ 31. Ka2 Nb4+ 32. Ka3 Rg2 33.
Rdg1 Rxg1 34. Rxg1 Nd3 35. Rb1 Kf7 36. b3 Nc5 37. b4 axb4+ 38. Rxb4 Ra8 39. Ne2
g5 40. Nd4 f4 41. Nxc6 fxg3 42. hxg3 h5 43. a5 h4 44. Rb5 h3 45. Rxc5 h2 46.
Rf5+ Ke6 47. Nd4+ Kd6 48. Rd5+ Ke7 49. Nc6+ Kf6 50. Rd1 Ra6 51. Kb4 Rxc6 52.
Rh1 Ra6 53. Rxh2 Kf5 54. Rb2 Kg4 55. Rb3 Ra8 56. Ra3 Kf5 57. a6 g4 58. a7 Ke4
59. Kc5 Ke5 60. Kc6 Kd4 61. Ra4 Ke3 62. Kxc7 Kf2 63. Kb7 Rxa7+ 64. Kxa7 Kxg3
65. c5 Kf3 66. Rxg4 Kxg4 67. c6 Kf5 68. c7 Ke5 69. c8=Q Kd5 70. Qe8 Kd6 71. Qe4
Kc5 72. Qd3 Kb4 73. Kb6 Ka4 74. Kc5 Ka5 75. Qa3# {wimpy checkmated} 1-0